000
00285nam a22001337a 4500
008
170809b xxu||||| |||| 00| 0 eng d
020
_a
9781121733732
041
_a
eng
080
_a
004
100
_a
35
101
_a
SHK
245
_a
COMPUTER SCIENCE
_c
CARLSON,D
942
_2
udc
_c
BK
999
_c
22987
_d
22987